No Surprises, by Radiohead Lyrics - Statistics

General Stats
  • This quiz has been taken 146 times
  • The average score is 98 of 127
Answer Stats
Answer % Correct
A
99%
a
99%
no
98%
No
98%
surprises
98%
And
97%
and
97%
alarms
94%
you
89%
You
89%
that
82%
slowly
79%
the
78%
job
77%
kills
77%
for
76%
please
76%
Please
76%
so
76%
of
73%
Bruises
72%
won't
72%
full
71%
heal
71%
us
71%
don't
70%
I'll
70%
They
70%
they
70%
like
69%
take
69%
carbon
68%
look
68%
monoxide
68%
tired
68%
life
67%
down
66%
heart
66%
house
66%
is
66%
quiet
66%
speak
66%
Bring
65%
my
65%
My
65%
government
64%
pretty
64%
up
64%
final
63%
garden
63%
landfill
63%
This
63%
handshake
61%
Such
61%
such
61%
that's
61%
unhappy
59%
with
58%
bellyache
54%
Silent
45%
fit
42%
me
41%
here)
29%
(get
28%
out
27%
No matching quizzes found
Score Distribution
Percent of People with Each Score
Percentile by Number Answered
Your Score History
You have not taken this quiz